000 00691nam a2200181Ia 4500
008 090630s9999 xx 000 0 und d
082 _b24957
100 _aमराठे रमा / मराठे रवि.
245 _aऔषधाविना आरोग्य.
_cमराठे रमा / मराठे रवि.
260 _bमेहता.
_c2006
300 _a250
600 _aमराठे रमा / मराठे रवि.
630 _aऔषधाविना आरोग्य.
655 _aइतर.
700 _aमराठे रमा / मराठे रवि.
730 _aऔषधाविना आरोग्य.
942 _cBOOK
999 _c276813
_d276813